000 00590nam a2200229Ia 4500
003 OSt
005 20220924152126.0
006 a|||||r|||| 00| 0
007 ta
008 220923b |||||||| |||| 00| 0 mar d
024 _a341049
037 _cTextual
040 _aARTS
_cARTS
_bmar
041 _2mar
_amar
082 _aO155,3NM1,1, 35J4
100 _aAmitra Raghu Nath
_9225901
245 0 _aYamunabai
260 _c1954
650 _aMARATHI LITERATURE
_938000
942 _hO155,3NM1,1, 35J4
_cTEXL
_2CC
999 _c468815
_d468815